000 01240nam a22003377a 4500
003 CHAP
005 20220329134129.0
008 971013s1981 es a r 00010 spa d
010 _a15857
011 _a16829
035 _a20911
040 _cCHAP
082 0 4 _a574.876
_bB4Y 1981
100 0 0 _aBerkaloff, André.
_911810
245 1 _aBiología y fisiología celular
250 _a2 ed.
260 _aBarcelona :
_bOmega,
_c1981
300 _a2 v.
_b: ilus. ; gráfs.
505 _aContenido : v.1 Membrana plasmática v.2 Aparatos de Golgi, lisosomas, mitocondrias, células y virus.
590 _aBATCH-UPD
_b10
_c20130110
_lUCH01
_h1847
590 _aBATCH-UPD
_b10
_c20130410
_lUCH01
_h1217
590 _aBATCH-UPD
_b10
_c20130914
_lUCH01
_h0942
590 _aCONVERSION
_b10
_c20130109
_lUCH01
_h1310
650 1 4 _aCitología.
_923489
901 _aBK
942 _cLIBRO
949 _a574.876 B4Y 1981
_bBC
_cLIBRO
_d33724000473799
_eLIBRO
_fv.2c.2
_h53939
_i20911
_si
949 _a574.876 B4Y 1981
_bBC
_cLIBRO
_d33724000473914
_eLIBRO
_fv.1 c.2
_h53937
_i20911
_si
949 _a574.876 B4Y 1981
_bBC
_cLIBRO
_d33724000746301
_eLIBRO
_fv.2
_h53938
_i20911
_si
949 _a574.876 B4Y 1981
_bBC
_cLIBRO
_d33724002015157
_eLIBRO
_fv.1
_h53936
_i20911
_si
999 _c15857
_d15857